Bears Rostaaaaaaa - Statistics

General Stats
  • This quiz has been taken 9 times
  • The average score is 13 of 31
Answer Stats
DEPTH PLAYER % Correct
WR DJ Moore
100%
QB Justin Fields
100%
TE Cole Kmet
89%
LT Braxton Jones
78%
RB Roshon Johnson
78%
WR Velus Jones .Jr
78%
K Cairo Santos
67%
LG Cody Whitehair
67%
WR Darnell Mooney
56%
RB Khalil Herbert
56%
QB Tyler Bagent
56%
RB D'Onta Foreman
44%
TE Mercedes Lewis
44%
QB Nathan Peterman
44%
WR Trent Taylor
44%
RT Darnell Wright
33%
WR Equanimeous St.Brown
33%
LG Teven Jenkins
33%
FB Khari Blasingame
22%
C Lucas Patrick
22%
RG Nate Davis
22%
TE Robert Tonyan
22%
RT Aviante Collins
11%
WR Chase Claypool
11%
C Doug Kramer
11%
LG Ja'Tyre Carter
11%
WR Joe Reed
11%
LT Larry Borom
11%
RB Travis Homer
11%
C Dan Feeney
0%
P Trenton Gills
0%
No matching quizzes found
Score Distribution
Percent of People with Each Score
Percentile by Number Answered
Your Score History
You have not taken this quiz